000
00283nam a2200121Ia 4500
008
191201s2014 xx 000 0 und d
100
_a
SCHILDT,Herbert
245
0
_a
Complete reference C++
250
_a
Rep
260
_c
2014
_b
TMH
_a
NEW DELHI
300
_a
1023
942
_2
ddc
_c
BK
_0
10
999
_c
7921
_d
7921